| 000 | 00716nam a2200193 a 4500 | ||
|---|---|---|---|
| 001 | 000047076 | ||
| 005 | 20201002053334.0 | ||
| 008 | 180416s2015 dr a 000 0 spa d | ||
| 020 | _a9789945192582 | ||
| 040 |
_aDO-SdBNP _bspa _cBNPHU |
||
| 245 | 0 |
_aEducación afectiva y sexual 4 : _beducación primaria / _cClaudia Llibre ... [at al.], editora Ángela Segura de Óleo, Fanny Capellán; ilustración Ruddy Nuñez. |
|
| 260 |
_aSanto Domingo : _bSantillana, _c2015. |
||
| 300 |
_a71 p. : _bil. ; _c27 cm. |
||
| 590 | _aInventariado, 2018/MFF | ||
| 700 | 1 |
_aLlibre, Claudia _930462 |
|
| 700 | 1 |
_aSegura de Óleo, Ángela _eed. _974879 |
|
| 700 | 1 |
_aCapellán, Fanny, _eed. _929250 |
|
| 700 | 1 |
_aNúñez, Ruddy _eil. _923171 |
|
| 999 |
_c46564 _d46564 |
||